Todos me llaman padre / (Record no. 134200)

MARC details
000 -LEADER
campo de control de longitud fija 00703nam a2200217 i 4500
001 - NÚMERO DE CONTROL
campo de control 134200
003 - IDENTIFICADOR DE NÚMERO DE CONTROL
campo de control ES-MaACL
005 - FECHA Y HORA DE LA ÚLTIMA TRANSACCIÓN
campo de control 20230906194625.0
007 - CAMPO FIJO DE DESCRIPCIÓN FÍSICA--INFORMACIÓN GENERAL
campo de control de longitud fija t|
008 - DATOS DE LONGITUD FIJA--INFORMACIÓN GENERAL
campo de control de longitud fija 070906s1954 sp ||||1| spa d
245 00 - MENCIÓN DEL TÍTULO
Título Todos me llaman padre /
Mención de responsabilidad, etc. Padre X ; versión española de Magdalena Galligo ; prólogo de Félix López de Muniain.
260 ## - PUBLICACIÓN, DISTRIBUCIÓN, ETC.
Lugar de publicación, distribución, etc. San Sebastián :
Nombre del editor, distribuidor, etc. Dinor,
Fecha de publicación, distribución, etc. 1954.
300 ## - DESCRIPCIÓN FÍSICA
Extensión 194 p. ;
Dimensiones 19 cm.
490 1# - MENCIÓN DE SERIE
Mención de serie Prisma. Serie azul
650 #4 - PUNTO DE ACCESO ADICIONAL DE MATERIA--TÉRMINO DE MATERIA
Término de materia o nombre geográfico como elemento de entrada Sacerdotes-
Subdivisión general Apostolado.
9 (RLIN) 157831
700 1# - ENTRADA AGREGADA--NOMBRE PERSONAL
Nombre de persona Galligo, Magdalena.
9 (RLIN) 53627
700 1# - ENTRADA AGREGADA--NOMBRE PERSONAL
Nombre de persona López de Munain, Félix.
9 (RLIN) 73574
830 0# - PUNTO DE ACCESO ADICIONAL DE SERIE-TÍTULO UNIFORME
Título uniforme Prisma. Serie azul
9 (RLIN) 232039
852 ## - LOCALIZACIÓN
Ubicación ES-MaACL
Número de control de estantería C-7892
Sublocalización o colección R.35983
Holdings
Estatus retirado Estado de pérdida Estado de daño No para préstamo Biblioteca de origen Biblioteca actual Ubicación en estantería Fecha de adquisición Fuente de adquisición Total de préstamos Signatura topográfica completa Código de barras Visto por última vez Precio de reemplazo Tipo de ítem Koha
        Biblioteca del Ateneo de Madrid Biblioteca del Ateneo de Madrid Sala Palomar 17/01/2008     C-7892 1139693 23/02/2023 23/02/2023 Libro impreso